00875nam a2200205 4500001000700000003000900007005001700016007000300033008004100036100002800077245016300105260005800268300004800326700002500374700002300399711007400422852003200496999001900528952012200547144417ES-MaACL20230906201019.0t|070214s1973 sp r ||||1| spa d1 aGimeno, Adelina.95707510aSiringomielia b: ponencia al II Congreso Nacional de Neurología, celebrado en Zaragoza del 8 al 10 de Marzo de 1973 / cA. Gimeno, E. Zaragoza, H. Liaño. aZaragoza : b[s. n.], c1973 (fImp. Octavio y Felec) a230 p., 1 lám. col., 20 lám. ; c24 cm.1 aZaragoza, E.91180291 aLiaño, H.9721501 aCongreso Nacional de Neurología (cZaragoza (d1973) (n. 2º)9546 aES-MaACLjC-51969 bR.85582 c144417d144417 00104070aATENEOMbATENEOMcDEPO2d2008-01-17eSCl0oC-51969p1150257r2023-02-23 00:00:00w2023-02-23yMONOGRAFIA